Loading...
| Any History | 10 | 15.00 | 100% | 50% | 0% |
| Current Events | 5 | 24.00 | 100% | 80% | 60% |
| Fine Arts - Classical Music | 4 | 20.00 | 100% | 75% | 25% |
| Fine Arts - Other Fine Arts | 8 | 20.00 | 100% | 88% | 13% |
| Geography | 5 | 14.00 | 100% | 40% | 0% |
| History - American History | 8 | 13.75 | 100% | 38% | 0% |
| History - European History | 12 | 19.17 | 100% | 75% | 17% |
| History - World History | 6 | 15.00 | 100% | 33% | 17% |
| Literature - American Literature | 10 | 18.00 | 100% | 70% | 10% |
| Literature - British Literature | 7 | 20.00 | 100% | 71% | 29% |
| Literature - European Literature | 9 | 18.89 | 100% | 67% | 22% |
| Literature - World Literature | 7 | 17.14 | 100% | 71% | 0% |
| Mythology | 7 | 24.29 | 100% | 86% | 57% |
| Other Academic | 2 | 20.00 | 100% | 50% | 50% |
| Painting & Sculpture | 6 | 18.33 | 100% | 83% | 0% |
| Philosophy | 12 | 15.00 | 100% | 50% | 0% |
| Religion | 8 | 20.00 | 100% | 88% | 13% |
| Science - Biology | 10 | 17.00 | 100% | 70% | 0% |
| Science - Chemistry | 11 | 16.36 | 100% | 64% | 0% |
| Science - Other Science | 8 | 18.75 | 100% | 75% | 13% |
| Science - Physics | 10 | 19.00 | 100% | 70% | 20% |
| Social Science | 8 | 20.00 | 100% | 88% | 13% |